LEADER 01262nam0 22003251i 450 001 UON00518060 005 20231205105531.846 010 $a88-04-29783-2 100 $a20231006d1987 |0itac50 ba 101 $aita 102 $aIT 105 $a|||| 1|||| 200 1 $aTherese$fArthur Schnitzler$gtraduzione di Anna Antonia Bradascio$gintroduzione di Giuseppe Farese 210 $aMilano$cA. Mondadori$d1987 215 $aX, 295 p.$d20 cm 410 1$1001UON00307433$12001 $aOscar oro$1210 $aMilano$cMondadori$v10 606 $aLetteratura tedesca$3UONC051344$2FI 620 $aIT$dMilano$3UONL000005 676 $a833$cLetteratura narrativa tedesca$v21 700 1$aSCHNITZLER$bArthur$3UONV020180$0320902 702 1$aBRADASCIO$bAnna Antonia$3UONV292233 702 1$aFARESE$bGiuseppe$3UONV126470 712 $aMondadori$3UONV245964$4650 790 1$aSNITCLER, Artur$zSCHNITZLER, Arthur$3UONV209328 801 $aIT$bSOL$c20251107$gRICA 899 $aSIBA - SISTEMA BIBLIOTECARIO DI ATENEO$2UONSI 912 $aUON00518060 950 $aSIBA - SISTEMA BIBLIOTECARIO DI ATENEO$dSI F. Goethe 830 SCHNI 4077 $eSI 45984 5 4077 996 $aTherese$994443 997 $aUNIOR